Islands Name Chain - Statistics

General Stats
  • This quiz has been taken 92 times
  • The average score is 10 of 21
Answer Stats
Hint Island % Correct
Largest island in the world Greenland
98%
Prison island that once hosted Al Capone Alcatraz
89%
Its Colossus was one of the Seven Wonders of the Ancient World Rhodes
86%
The Emerald Isle Ireland
83%
It merged with Tanganyika in 1964 Zanzibar
81%
Its flag has a purple sisserou parrot on it Dominica
69%
The most populous island of the Philippines Luzon
61%
Indonesian island formerly known as Celebes Sulawesi
56%
Where you can find the cities of Auckland and Wellington North
49%
It was ceded to the United Kingdom in 1842 and not returned until 1997 Hong Kong
48%
Where the government of the United Arab Emirates meets Abu Dhabi
41%
Southernmost of Japan's four main islands Kyushu
38%
Its Central Range includes Puncak Jaya, the tallest mountain on an island New Guinea
38%
Indian island home to a violent uncontacted tribe North Sentinel
38%
Croatian island whose name has three letters and no vowels Krk
35%
Saint Helena, _________, and Tristan da Cunha (a British overseas territory) Ascension
28%
Largest of the Galápagos Islands Isabela
19%
Its name means "near the [Alaskan] mainland" Unalaska
19%
Australian territory that served as its main penal colony until 1855 Norfolk
18%
Largest uninhabited island in the world Devon
16%
The only part of Equatorial Guinea to be south of the equator Annobón
5%
No matching quizzes found
Score Distribution
Percent of People with Each Score
Percentile by Number Answered
Your Score History
You have not taken this quiz